000 00919nam a22002417a 4500
999 _c8985
_d8985
003 AR-CdUCM
008 190327b ||||| |||| 00| 0 spa d
020 _a9972-40-092-1
040 _aMUNICIPALIDAD PROVINCIAL DEL CUSCO
_cBIBLIOTECA MUNICIPAL DEL CUSCO
082 _a663.420985 /
_bG212
100 _aGarayar, Carlos
_924901
245 _aCervesur :
_bUn siglo bajo el sol de los Andes, 1898-1998 /
260 _aLima :
_bPeisa,
_c1998
300 _a190 páginas ;
_c31 cm.
_bIlustraciones (algunas col.), mapas, retratos.
505 _aContenido : Historia y leyenda -- El dia que llego el ferrocarril ( y la cerveza) -- De como se ha de beber una cerveza -- Un país lejano -- Así se hace una cerveza ...
650 _aIndustria cervecera
_924902
650 _aCerveza
_923576
650 _aPerú
_935
650 _aHistoria
_9136
700 _aJochamowitz, Luis
_924903
942 _2ddc
_cLIBROS
945 _arah